प्राचीन प्रमुख संस्कृत साहित्यकारों के सुभाषित (Record no. 913383)

MARC details
000 -LEADER
fixed length control field 00960nam a2200241Ia 4500
003 - CONTROL NUMBER IDENTIFIER
control field OSt
005 - DATE AND TIME OF LATEST TRANSACTION
control field 20221002045915.0
008 - FIXED-LENGTH DATA ELEMENTS--GENERAL INFORMATION
fixed length control field 220930b |||||||| |||| 00| 0 hin d
020 ## - INTERNATIONAL STANDARD BOOK NUMBER
International Standard Book Number 9788178541310 (hbk)
037 ## - SOURCE OF ACQUISITION
Terms of availability Reference Collections
040 ## - CATALOGING SOURCE
Original cataloging agency CRL
Transcribing agency CRL
Language of cataloging hin
041 ## - LANGUAGE CODE
Source of code hin
Language code of text/sound track or separate title hin
100 ## - MAIN ENTRY--PERSONAL NAME
Personal name टण्डन, किरण, संपा.
245 #0 - TITLE STATEMENT
Title प्राचीन प्रमुख संस्कृत साहित्यकारों के सुभाषित
260 ## - PUBLICATION, DISTRIBUTION, ETC.
Place of publication, distribution, etc. दिल्ली
Name of publisher, distributor, etc. ईस्टर्न बुक लिंकर्स
Date of publication, distribution, etc. 2008
300 ## - PHYSICAL DESCRIPTION
Extent 353पृ0
Dimensions cm.
942 ## - ADDED ENTRY ELEMENTS (KOHA)
Classification part O15xk, 152P8 (RR)
Koha item type
Source of classification or shelving scheme Colon Classification (CC)
Holdings
Withdrawn status Lost status Damaged status Not for loan Home library Current library Date acquired Source of acquisition Cost, normal purchase price Total Checkouts Full call number Barcode Date last seen Cost, replacement price Price effective from Koha item type
        Central Library Central Library 2022-10-02 536, 15/01/2009, Eastern Book Linkers 650.00   O15xk 152P8 (RR) CL1385899 2022-10-02 650.00 2022-10-02  
Copyright @ Delhi University Library System